Statistics for Top 10 Biggest Countries in North America By Total Area

Click here to take the quiz!

General Stats

  • This quiz has been taken 28 times
  • The average score is 8 of 10

Answers on the Map

Answers color-coded by a green-red scale on the quiz's map according to % correct below.
 

Answer Stats

Area (in square miles)Area (in square kilometers)Country% Correct
3,855,1019,984,670Canada
100%
758,4492,166,086Mexico
96%
3,796,7419,833,517United States
93%
50,3361,964,375Nicaragua
85%
42,803112,090Cuba
78%
43,278130,370Honduras
78%
29,12075,420Panama
78%
19,73051,100Costa Rica
74%
42,042110,860Guatemala
74%
18,79248,670Dominican Republic
70%

Score Distribution

Percentile by Number Answered

Percent of People with Each Score

Your Score History

You have not taken this quiz